000 00321nam a22001337a 4500
008 170609b xxu||||| |||| 00| 0 eng d
020 _a2900547147016
041 _aeng
080 _29TH
_a32
100 _a19
101 _aSHP
245 _aWESTERN CIVILIZATION : IDEAS,POLITICS, AND SOCIETY
_cPERRY.M
942 _2udc
_cBK
999 _c16735
_d16735